| 000 | 00554nam a2200217Ia 4500 | ||
|---|---|---|---|
| 008 | 170918s9999 xx 000 0 und d | ||
| 020 | _a9780439227599 | ||
| 050 | _bP235ju 1996 | ||
| 100 | _aPark, Barbara | ||
| 245 | _aJunie B. Jones : | ||
| 245 | _band that meanie Jim's birthday / | ||
| 245 | _cby Barbara Park ; illustrated by Denise Brunkus. | ||
| 260 | _aNew York : | ||
| 260 | _bScholastic, | ||
| 260 | _c1996 | ||
| 300 | _a85 pages : | ||
| 300 | _billustrations ; | ||
| 300 | _c19cm. | ||
| 300 | _eJunie B. Jones. | ||
| 500 | _a370 | ||
| 999 |
_c344328 _d344328 |
||